Basic public speaking

Αποθηκεύτηκε σε:
Λεπτομέρειες βιβλιογραφικής εγγραφής
Κύριος συγγραφέας: Andrews, Patricia Hayes
Μορφή: Βιβλίο
Γλώσσα:English
Δημοσίευση: New York : Harper & Row, c1985
Θέματα:
Ετικέτες: Προσθήκη ετικέτας
Δεν υπάρχουν, Καταχωρήστε ετικέτα πρώτοι!

MARC

LEADER 00000cam a2200000 i 4500
001 1/44921
008 070524s1985 eng d
020 |a 0-06-040925-8 
035 |l 10087983 
040 |a GR-MY-UA  |b gre  |e aacr 
041 0 |a eng 
082 0 |a 808.51  |2 (22) 
100 1 |a Andrews, Patricia Hayes. 
245 1 0 |a Basic public speaking /  |c Patricia Bradley Andrews 
260 |a New York :   |b Harper & Row,   |c c1985 
300 |a xiii, 160 σ.;  |b εικ.;  |c 23 εκ. 
504 |a Περιέχει βιβλιογραφικές παραπομπές και ευρετήριο 
650 0 0 |a Public speaking. 
852 |a INST  |b LESVOS  |e 20070524  |h 808.51 AND  |p 005100038156  |q 005100038156  |t BK  |y 0 
901 |a BIBL1-2007-2 
909 |a Λ  |b 132630 
970 |a ΚΑΡΑ  |b ΓΙΑΣΕΜΗ  |z 2007/05/24